Ako (ne)zabiť myšlienku. Nenahovárajme si, že pod pláštikom vážnosti firmy Národná poisťovňa sa vyriešia problémy zdravotníctva.
Kritika zákona č. 7/1993 Z.z. o zriadení Národnej poisťovne a financovaní zdravotného, nemocenského a dôchodkového poistenia. Oblasti, ktoré treba riešiť v novelizácii zákona a financovania zdravotníctva (liečebný poriadok, kategorizácia liekov, právna subjektivita Správe fondu zdravotného poistenia...
Enregistré dans:
| Auteur principal: | |
|---|---|
| Format: | Chapitre de livre |
| Langue: | slovaque |
| Sujets: | |
| Tags: |
Pas de tags, Soyez le premier à ajouter un tag!
|
MARC
| LEADER | 00000naa a2200000 4500 | ||
|---|---|---|---|
| 001 | r012070 | ||
| 005 | 20220826094918.9 | ||
| 041 | 0 | |a slo | |
| 044 | |a SK | ||
| 245 | 1 | 0 | |a Ako (ne)zabiť myšlienku. |b Nenahovárajme si, že pod pláštikom vážnosti firmy Národná poisťovňa sa vyriešia problémy zdravotníctva. |c Š. Jaška |
| 520 | |a Kritika zákona č. 7/1993 Z.z. o zriadení Národnej poisťovne a financovaní zdravotného, nemocenského a dôchodkového poistenia. Oblasti, ktoré treba riešiť v novelizácii zákona a financovania zdravotníctva (liečebný poriadok, kategorizácia liekov, právna subjektivita Správe fondu zdravotného poistenia atď). | ||
| 610 | 2 | 0 | |a Národná poisťovňa Bratislava |
| 610 | 2 | 0 | |a poistenie zdravotné |
| 610 | 2 | 0 | |a poistenie nemocenské |
| 610 | 2 | 0 | |a poistenie dôchodkové |
| 610 | 2 | 0 | |a zdravotníctvo |
| 610 | 2 | 0 | |a financovanie |
| 610 | 2 | 0 | |a zákony |
| 610 | 2 | 0 | |a Slovensko |
| 610 | 2 | 0 | |a 1993 |
| 100 | 1 | |a Jaška, Š. | |